| 000 | 00642nam a2200181Ia 4500 | ||
|---|---|---|---|
| 008 | 090123s9999 xx 000 0 und d | ||
| 082 | _b17053 | ||
| 100 | _aपंडित नलिनी | ||
| 245 | _aधर्म शास्त्र आणि समाज | ||
| 250 | _a1 | ||
| 260 |
_bकोसंबी एज्युकेशन ट्रस्ट _c1987 |
||
| 300 | _a82 | ||
| 600 | _aपंडित नलिनी | ||
| 630 | _aधर्म शास्त्र आणि समाज | ||
| 700 | _aपंडित नलिनी | ||
| 730 | _aधर्म शास्त्र आणि समाज | ||
| 942 | _cBOOK | ||
| 999 |
_c55113 _d55113 |
||